00920nam a22002297a 450000500170000000800410001702000220005804000140008004100080009410000230010224501230012526000600024830000340030844000270034250000510036963000360042065000170045665100460047394200130051999900170053295201410054920210503104137.0210503b ||||| |||| 00| 0 eng d a978-2-7535-1296-2 aBUACcBUC aFre aDesrumaux, Pascale aLe harcèlement moral au travail :bRéponses Psychosociales, organisationnelles et cliniquec/par Pascale Desrumaux aRennes Cedex :bPresses Universitaires de Rennes,c2011 a235 p.bCouv. en coulc24 cm. aCollection Psychologie aBibliogr. pp.( 199- 221) Annexes.pp.(222- 230) aSCIENCES APPLIQUEES. TECHNIQUES aPsychologies aHarcelement violence en milieu de travail 2ddccLBA c61927d61927 00102ddc4070aBUACbBUACcRéserved2021-05-03eDON ARESf21/0117l0o159.9 DESp21-0117Bucr2021-05-03 00:00:00t1w2021-05-03yLBA